Air pollution handbook / (Record no. 12177)
[ view plain ]
| 000 -LEADER | |
|---|---|
| fixed length control field | 01029cam a2200301 i 4500 |
| 001 - CONTROL NUMBER | |
| control field | 3194635 |
| 005 - DATE AND TIME OF LATEST TRANSACTION | |
| control field | 19960320084916.1 |
| 008 - FIXED-LENGTH DATA ELEMENTS--GENERAL INFORMATION | |
| fixed length control field | 770728s1978 enka b 001 0 eng |
| 010 ## - LIBRARY OF CONGRESS CONTROL NUMBER | |
| LC control number | 77030126 |
| 015 ## - NATIONAL BIBLIOGRAPHY NUMBER | |
| National bibliography number | GB77 |
| 020 ## - INTERNATIONAL STANDARD BOOK NUMBER | |
| International Standard Book Number | 0070844860 : |
| Terms of availability | �18.00 ($32.40 U.S.) |
| 040 ## - CATALOGING SOURCE | |
| Original cataloging agency | DLC |
| Transcribing agency | DLC |
| Modifying agency | DLC |
| 043 ## - GEOGRAPHIC AREA CODE | |
| Geographic area code | e-uk--- |
| 050 00 - LIBRARY OF CONGRESS CALL NUMBER | |
| Classification number | TD883 |
| Item number | .I394 |
| 082 00 - DEWEY DECIMAL CLASSIFICATION NUMBER | |
| Classification number | 628.530941 |
| Edition number | 20 |
| Item number | AIR |
| 245 00 - TITLE STATEMENT | |
| Title | Air pollution handbook / |
| Statement of responsibility, etc | edited by Paul L. Magill ..etc. |
| 250 ## - EDITION STATEMENT | |
| Edition statement | 1st ed. |
| 260 ## - PUBLICATION, DISTRIBUTION, ETC. (IMPRINT) | |
| Place of publication, distribution, etc | New york ; |
| -- | London : |
| Name of publisher, distributor, etc | McGraw-Hill, |
| Date of publication, distribution, etc | c1956. |
| 300 ## - PHYSICAL DESCRIPTION | |
| Extent | xix, 657 p. : |
| Other physical details | ill. ; |
| Dimensions | 26 cm. |
| 500 ## - GENERAL NOTE | |
| General note | Including Index. |
| 504 ## - BIBLIOGRAPHY, ETC. NOTE | |
| Bibliography, etc | Includes bibliographical references and index. |
| 650 #0 - SUBJECT ADDED ENTRY--TOPICAL TERM | |
| Topical term or geographic name as entry element | Air |
| General subdivision | Pollution. |
| 9 (RLIN) | 7475 |
| 650 #0 - SUBJECT ADDED ENTRY--TOPICAL TERM | |
| Topical term or geographic name as entry element | Air |
| General subdivision | Pollution |
| Geographic subdivision | Great Britain. |
| 9 (RLIN) | 7476 |
| 650 #0 - SUBJECT ADDED ENTRY--TOPICAL TERM | |
| Topical term or geographic name as entry element | Flue gases |
| General subdivision | Purification. |
| 9 (RLIN) | 7477 |
| 700 1# - ADDED ENTRY--PERSONAL NAME | |
| Personal name | Parker, Albert. |
| 9 (RLIN) | 7478 |
| 942 ## - ADDED ENTRY ELEMENTS (KOHA) | |
| Source of classification or shelving scheme | Dewey Decimal Classification |
| Item type | NB - Book (Non borrowing) |
| Withdrawn status | Item status | Source of classification or shelving scheme | Damaged status | Not for loan | Vendor | Home library | Current library | Shelving location | Date acquired | Source of acquisition | Cost, normal purchase price | Total Checkouts | Total Renewals | Full call number | Barcode | Date last seen | Date last borrowed | Koha item type |
|---|---|---|---|---|---|---|---|---|---|---|---|---|---|---|---|---|---|---|
| Dewey Decimal Classification | Alef-Baa | Central Library | Central Library | First floor | 05/07/2009 | 150.00 | 1 | 1 | 628.530941 AIR | 000016724 | 15/07/2025 | 27/10/2014 | Book - Borrowing |